Score 0/8 Timer 01:00
0 Plays Today
% Correct
O my Jesus
97%
forgive us our sins
89.8%
save us from the fires of Hell
87.1%
Lead all souls to Heaven
79.5%
especially those
72.6%
Amen.
61.5%
in most need of
59.4%
Thy mercy
58.3%
Remove Ads.
Support Sporcle.
Get the best of Sporcle when you Go Orange. This ad-free experience offers more features, more stats, and more fun while also helping to support Sporcle. Thank you for becoming a member.

You're not logged in!

Compare scores with friends on all Sporcle quizzes.
OR
Log In

Show Comments

Extras

Top Quizzes Today


Score Distribution

Your Account Isn't Verified!

In order to create a playlist on Sporcle, you need to verify the email address you used during registration. Go to your Sporcle Settings to finish the process.

Report this User

Report this user for behavior that violates our Community Guidelines.

Details: